000
00281nam a22001097a 4500
082
_a
515.07 PIP'A
100
_a
PIPES, LOUIS A
_9
57693
245
_a
APPLIED MATHEMATICS FOR ENGINEER'S AND PHYSICISTS
260
_a
NEWYORK
_b
MCGRAW HILL
_c
1958
300
_a
723P
942
_c
BK
999
_c
567966
_d
567966